000 00635cam a22002053a 4500
001 44617
003 PGUSA
005 20140828084023.0
008 140107s2014||||xxu|||||s|||||000 | eng d
040 _aPGUSA
_beng
042 _adc
100 1 _aLuther, Martin,
_d1483-1546
245 1 0 _aMémoires De Luther Écrits Par Lui-Même :
_btraduits et mis en ordre par M. Michelet
_h[electronic resource] /
_cMartin Luther
260 _bProject Gutenberg,
_c2014
506 _aPublic domain in the USA.
516 _aElectronic text
830 0 _aProject Gutenberg
_v44617
856 4 0 _uhttp://www.gutenberg.org/ebooks/44617
942 _cEB
999 _c273868
_d273868